LEADER 00849nam0-22003251i-450- 001 990003232960403321 035 $a000323296 035 $aFED01000323296 035 $a(Aleph)000323296FED01 035 $a000323296 100 $a20000920d1964----km-y0itay50------ba 101 0 $aita 102 $aIT 200 1 $aViolenza e politica$fDaniel Bell. 210 $aMilano$cEdizioni di Comunità$d1964. 215 $a230 p.$d21 cm 225 1 $aSaggi di cultura contemporanea$v48 300 $a[Trad. di: The End of Ideology, 1960] 676 $a12750 676 $a14260 676 $a20160 702 1$aBell,$bDaniel A. 801 0$aIT$bUNINA$gRICA$2UNIMARC 901 $aBK 912 $a990003232960403321 952 $a12750 BEL$b1929/I$fSES 959 $aSES 996 $aViolenza e politica$9449392 997 $aUNINA DB $aING01 LEADER 00923nam0-2200337---450- 001 990009283460403321 005 20110309101616.0 035 $a000928346 035 $aFED01000928346 035 $a(Aleph)000928346FED01 035 $a000928346 100 $a20101122d2010----km-y0itay50------ba 101 0 $aita 102 $aIT 105 $a--------001yy 200 1 $aCibus$eI sapori dell'antica Roma$fR. Ciardiello, I. Varriale 210 $aNapoli$cValtrend editore$d2010 215 $a95 p.$cill.$d17 cm 225 1 $aMalazè 610 0 $aGastronomia$aCiviltà romana 676 $a641 676 $a870 700 1$aCiardiello$bRosaria$0509271 701 1$aVarriale$bIvan$0509275 801 0$aIT$bUNINA$gRICA$2UNIMARC 901 $aBK 912 $a990009283460403321 952 $aP2B-350-CIARDIELLO R.-2010$bBibl.60302$fFLFBC$mBRAU-10557 959 $aFLFBC 996 $aCibus$9769089 997 $aUNINA